[Event "AUTO-ELITE-578"]
[Site "http://www.queenalice.com/game.php?id=798169"]
[Date "2010.7.3"]
[Round "1"]
[White "Nobre"]
[Black "iamtherealtylerdurden"]
[Result "0-1"]
[WhiteElo "2433"]
[BlackElo "2482"]

1. d4 Nf6 2. Bg5 e6 3. e4 c5 4. e5 h6 5. Bc1 Nd5 6. c4 Nb6 7. dxc5 Bxc5 8. Nf3
Nc6 9. Nc3 d5 10. exd6 Qxd6 11. Qxd6 Bxd6 12. Bd2 Ne5 13. Nxe5 Bxe5 14. Be2 Bd7
15. O-O Na4 16. Nxa4 Bxa4 17. Bf3 O-O-O 18. Be3 Bc2 19. Bxa7 Bxb2 20. Rab1 Bxb1
21. Rxb1 Rd2 22. Be3 Rhd8 23. Bxd2 Rxd2 24. Kf1 Bd4 25. Bxb7+ Kc7 26. Bf3 Rxf2+
27. Ke1 f5 28. Rd1 Be3 29. Rd3 f4 30. Rb3 Kd6 31. Rb7 Bd4 32. Rf7 g5 0-1

[Event "AUTO-ELITE-578"]
[Site "http://www.queenalice.com/game.php?id=798170"]
[Date "2010.7.3"]
[Round "1"]
[White "iamtherealtylerdurden"]
[Black "Nobre"]
[Result "1-0"]
[WhiteElo "2475"]
[BlackElo "2440"]

1. c4 Nf6 2. g3 c6 3. Bg2 d5 4. Nf3 Bf5 5. Qb3 Qb6 6. d3 e6 7. Be3 dxc4 8. Bxb6
cxb3 9. axb3 Nbd7 10. Bd4 Bb4+ 11. Bc3 Be7 12. Nbd2 O-O 13. Nc4 Nd5 14. e4 Nxc3
15. bxc3 Bg6 16. Nce5 Nxe5 17. Nxe5 Bh5 18. Bf3 Bxf3 19. Nxf3 a6 20. b4 g5 21.
Ke2 Kg7 22. d4 f6 23. Nd2 Rad8 24. Nb3 Rd7 25. f4 h6 26. f5 exf5 27. exf5 Re8
28. Kd3 Bd6 29. Rhe1 Rde7 30. Rxe7+ Rxe7 31. Ra2 1-0

[Event "AUTO-ELITE-521"]
[Site "http://www.queenalice.com/game.php?id=800403"]
[Date "2010.7.8"]
[Round "2"]
[White "Nobre"]
[Black "pumamercedino"]
[Result "0-1"]
[WhiteElo "2284"]
[BlackElo "2477"]

1. d4 d5 2. c4 c6 3. Nf3 Nf6 4. Nc3 g6 5. Bf4 Bg7 6. e3 O-O 7. Rc1 Qa5 8. Be2
dxc4 9. Bxc4 Nbd7 10. O-O Nb6 11. Bb3 Nbd5 12. Nxd5 Nxd5 13. Bg3 Bf5 14. Ne5 Qb6
15. Qe2 Be6 16. h4 Bxe5 17. Bxe5 Nc7 18. Rc3 Nb5 19. Rd3 Bxb3 20. Rxb3 Qa5 21.
a3 Rad8 22. Rd1 Rd7 23. h5 Rfd8 24. hxg6 hxg6 25. Qg4 Nd6 26. d5 cxd5 27. Qh4 f6
28. Bxd6 Rxd6 29. Rxb7 Re6 30. Qh6 f5 31. Rb4 d4 32. Rbxd4 Rxd4 33. Rxd4 Qc7 34.
g3 Rd6 35. Rxd6 Qxd6 36. b4 a6 37. Kh2 Qc6 38. Qf4 Qc1 0-1

[Event "AUTO-ELITE-521"]
[Site "http://www.queenalice.com/game.php?id=800404"]
[Date "2010.7.8"]
[Round "2"]
[White "pumamercedino"]
[Black "Nobre"]
[Result "1/2-1/2"]
[WhiteElo "2471"]
[BlackElo "2487"]

1. d4 d5 2. c4 c6 3. Nc3 Nf6 4. e3 e6 5. Nf3 Nbd7 6. Qc2 Bd6 7. b3 O-O 8. Be2 b6
9. Bb2 Bb7 10. O-O Qe7 11. e4 dxe4 12. Nxe4 Nxe4 13. Qxe4 Nf6 14. Qh4 c5 15.
Rad1 Rad8 16. dxc5 Bxc5 17. Ne5 Ne4 18. Qxe7 Bxe7 19. Nd7 1/2-1/2

[Event "AUTO-ELITE-582"]
[Site "http://www.queenalice.com/game.php?id=800638"]
[Date "2010.7.8"]
[Round "1"]
[White "Nobre"]
[Black "PunditJi"]
[Result "1-0"]
[WhiteElo "2487"]
[BlackElo "2470"]

1. d4 Nf6 2. Bg5 Ne4 3. Bh4 c5 4. f3 Nf6 5. d5 Qb6 6. e4 Qxb2 7. Nd2 Qe5 8. Ne2
Qc7 9. Rb1 d6 10. Nc3 Nbd7 11. Nc4 a6 12. a4 h6 13. a5 g5 14. Bf2 Bg7 15. Na4
Nh5 16. Be3 Ne5 17. Nab6 Rb8 18. Qd2 Nxc4 19. Bxc4 Be5 20. O-O O-O 21. Rb3 Kh7
22. Rfb1 Bf4 23. g3 Bxe3+ 24. Rxe3 Kg7 25. Rbe1 f6 26. Rb3 Kg8 27. Reb1 Ng7 28.
Kg2 Rd8 29. c3 Kf7 30. Rf1 Bd7 31. h3 Be8 32. Rbb1 Bd7 33. f4 Kg8 34. e5 Bf5 35.
Rbe1 g4 36. hxg4 Bxg4 37. f5 h5 38. Qh6 fxe5 39. Bd3 Ne8 40. Qg5+ Kh8 41. Re4
Nf6 42. Rxg4 Rg8 43. Qh6+ 1-0

[Event "AUTO-ELITE-582"]
[Site "http://www.queenalice.com/game.php?id=800639"]
[Date "2010.7.8"]
[Round "1"]
[White "PunditJi"]
[Black "Nobre"]
[Result "1/2-1/2"]
[WhiteElo "2457"]
[BlackElo "2488"]

1. e4 c5 2. c3 d5 3. exd5 Qxd5 4. d4 Nf6 5. Nf3 Bg4 6. Be2 e6 7. h3 Bh5 8. O-O
Nc6 9. Be3 cxd4 10. cxd4 Be7 11. Nc3 Qd6 12. Nb5 Qb8 13. Ne5 Bxe2 14. Qxe2 O-O
15. Rac1 Nxe5 16. Bf4 Qd8 17. Bxe5 Rc8 18. Nxa7 Ra8 19. Nb5 Rxa2 20. Nc7 Qd7 21.
Qf3 b5 22. Qb3 Ra7 23. Nxb5 Rb7 24. Rc7 Rxb5 25. Qd3 Qd5 26. Rxe7 Nd7 27. Qc3
Nxe5 28. dxe5 h6 29. Ra7 Qxe5 30. Qxe5 Rxe5 31. Rb7 1/2-1/2

[Event "AUTO-ELITE-582"]
[Site "http://www.queenalice.com/game.php?id=800640"]
[Date "2010.7.8"]
[Round "1"]
[White "Nobre"]
[Black "aormic"]
[Result "0-1"]
[WhiteElo "2351"]
[BlackElo "2329"]

1. d4 Nf6 2. Bg5 e6 3. e4 h6 4. Bxf6 Qxf6 5. Nc3 d6 6. Nf3 g5 7. e5 Qe7 8. exd6
cxd6 9. Bb5+ Bd7 10. O-O Bxb5 0-1

[Event "AUTO-ELITE-493"]
[Site "http://www.queenalice.com/game.php?id=803411"]
[Date "2010.7.14"]
[Round "2"]
[White "Plotnnikov"]
[Black "Nobre"]
[Result "1/2-1/2"]
[WhiteElo "2490"]
[BlackElo "2495"]

1. d4 d5 2. c4 c6 3. cxd5 cxd5 4. Nc3 Nf6 5. Bf4 Nc6 6. e3 a6 7. Bd3 Bg4 8. Be2
Bxe2 9. Ngxe2 e6 10. h3 Be7 11. O-O O-O 12. Rc1 1/2-1/2

[Event "AUTO-ELITE-493"]
[Site "http://www.queenalice.com/game.php?id=803412"]
[Date "2010.7.14"]
[Round "2"]
[White "Nobre"]
[Black "Plotnnikov"]
[Result "1/2-1/2"]
[WhiteElo "2495"]
[BlackElo "2486"]

1. d4 d5 2. c4 dxc4 3. Nf3 Nf6 4. e3 c5 5. Bxc4 e6 6. O-O a6 7. a4 Be7 8. Nc3
Nc6 9. dxc5 Qxd1 10. Rxd1 Bxc5 11. h3 b6 12. e4 Na5 13. Bd3 Nb3 14. Rb1 Nxc1 15.
Rbxc1 Bd7 16. e5 Nd5 17. Nxd5 exd5 18. a5 Ke7 19. b4 Bxb4 20. axb6 Rhb8 21. Bxh7
Rxb6 22. Rxd5 Bc6 23. Rd3 g6 24. h4 Rh8 25. Ng5 Kf8 26. e6 f6 27. Rd8+ Kg7 28.
Rxc6 Rxc6 29. Rd7+ Kf8 30. Rf7+ Ke8 31. Bxg6 Rc1+ 32. Kh2 Rxh4+ 33. Nh3 Rcc4 34.
f4 Rcxf4 35. Rxf6+ Ke7 36. Rxf4 Bd6 37. g3 Bxf4 38. gxf4 Rh6 39. f5 1/2-1/2

[Event "Invitation"]
[Site "http://www.queenalice.com/game.php?id=803470"]
[Date "2010.7.14"]
[Round "-"]
[White "GM_Maicon_2851"]
[Black "Nobre"]
[Result "1-0"]
[WhiteElo "1849"]
[BlackElo "2278"]

1. d4 d5 2. c4 c6 3. Nf3 Nf6 4. Nc3 a6 5. e3 b5 6. b3 Bg4 7. Be2 e6 8. O-O Nbd7
9. h3 Bh5 10. Bb2 Bd6 11. Ne5 Bxe2 12. Nxe2 bxc4 13. bxc4 O-O 14. Qc2 Qc7 15.
Nd3 c5 16. dxc5 Nxc5 17. Rac1 Rfc8 18. cxd5 Nxd5 19. Rfd1 Qa5 20. Ba1 Nxd3 21.
Qxd3 Rxc1 22. Nxc1 Be7 23. e4 Nf4 24. Qf3 Qa4 25. h4 Rc8 26. Nb3 Qxa2 27. Rd7
Re8 28. g3 Ng6 29. h5 Nf8 30. Rb7 h6 31. Bc3 Nh7 32. e5 Ng5 33. Qc6 Rd8 34. Bd2
Qb1+ 35. Kg2 Bf8 36. Bxg5 1-0

[Event "AUTO-ELITE-594"]
[Site "http://www.queenalice.com/game.php?id=811500"]
[Date "2010.7.31"]
[Round "1"]
[White "puddschini"]
[Black "Nobre"]
[Result "1-0"]
[WhiteElo "2505"]
[BlackElo "2497"]

1. e4 c5 2. Nf3 Nc6 3. d4 cxd4 4. Nxd4 Nf6 5. Nc3 e5 6. Ndb5 d6 7. Bg5 a6 8. Na3
b5 9. Bxf6 gxf6 10. Nd5 f5 11. Bd3 Be6 12. O-O Bxd5 13. exd5 Ne7 14. Re1 Bg7 15.
c3 O-O 16. Qh5 e4 17. Bf1 1-0

[Event "AUTO-ELITE-594"]
[Site "http://www.queenalice.com/game.php?id=811501"]
[Date "2010.7.31"]
[Round "1"]
[White "Nobre"]
[Black "puddschini"]
[Result "0-1"]
[WhiteElo "2489"]
[BlackElo "2509"]

1. d4 Nf6 2. Bg5 Ne4 3. Bh4 c5 4. f3 g5 5. fxe4 gxh4 6. e3 Bh6 7. Bc4 e6 8. Nf3
Bxe3 9. d5 Qb6 10. Nc3 Qxb2 11. Nb5 O-O 12. Ke2 Bh6 13. e5 Qb4 14. Nd6 Na6 15.
Rb1 Qa5 16. Rb5 Qa4 17. Kf2 b6 0-1

[Event "AUTO-ELITE-594"]
[Site "http://www.queenalice.com/game.php?id=811508"]
[Date "2010.7.31"]
[Round "1"]
[White "Nobre"]
[Black "capaputi"]
[Result "1-0"]
[WhiteElo "2492"]
[BlackElo "2221"]

1. d4 Nf6 2. c4 c5 3. d5 g6 4. Nc3 Bg7 5. e4 O-O 6. Nf3 e6 7. Bd3 exd5 8. cxd5
d6 9. h3 a6 10. a4 Nbd7 11. O-O Re8 12. Re1 Qc7 13. Bf4 Nh5 14. Bh2 Ne5 15. Be2
Nxf3+ 16. Bxf3 Nf6 17. e5 dxe5 18. d6 Qb6 19. Bxe5 Be6 20. a5 Qb4 21. Ra4 Bb3
22. Rxb4 Bxd1 23. Rxb7 Bxf3 24. gxf3 Nh5 25. Re7 Red8 26. Rd1 Bxe5 27. Rxe5 Nf4
28. Na4 Ne6 29. Nxc5 Nxc5 30. Rxc5 Ra7 31. Kg2 Kf8 32. Rc7 Rd7 33. Rxa7 1-0

[Event "AUTO-ELITE-594"]
[Site "http://www.queenalice.com/game.php?id=811509"]
[Date "2010.7.31"]
[Round "1"]
[White "capaputi"]
[Black "Nobre"]
[Result "0-1"]
[WhiteElo "2217"]
[BlackElo "2495"]

1. c4 e6 2. Nf3 d5 3. d4 Nf6 4. Nc3 Be7 5. e3 O-O 6. Bd3 c5 7. O-O cxd4 8. exd4
dxc4 9. Bxc4 Nc6 10. Bg5 b6 11. Rc1 Bb7 12. Re1 Rc8 13. Be3 Nxd4 14. Nxd4 Rxc4
15. Ndb5 a6 16. Nd4 Qc7 17. Qe2 Rd8 18. f3 Rdxd4 19. Bxd4 Rxd4 20. Nb5 Qd7 21.
Nxd4 Bc5 22. Kh1 Bxd4 23. Red1 e5 24. h3 h6 25. Rc2 Nh5 26. Qxe5 Qxh3+ 27. gxh3
Bxf3+ 28. Rg2 Bxe5 29. Rd8+ Kh7 30. Kg1 Bxg2 31. Kxg2 Nf4+ 32. Kf3 Nxh3 33. b4
Ng5+ 34. Ke3 Bf4+ 35. Ke2 h5 36. Ra8 h4 37. Rxa6 h3 38. Kf1 h2 39. Kg2 Ne4 40.
Ra3 Nf2 0-1